[Event "Olomouc Chess Summer 2019 - A - Proclient Cup"]
[Site "Olomouc (CZE), Hotel Flora"]
[Date "2019.08.14"]
[Round "6"]
[Board "2"]
[White "STIGAR, Petter"]
[Black "BIOLEK, Richard"]
[Result "1/2-1/2"]
[WhiteElo "2207"]
[BlackElo "2446"]
[PlyCount "51"]
[EventDate "2019.08.10"]
[EventRounds "9"]
[EventCountry "CZE"]

1. d4 Nf6 2. Nf3 g6 3. c4 Bg7 4. g3 O-O 5. Bg2 d6 6. O-O Nc6 7. Nc3 Bg4 8. d5
Na5 9. Nd2 c5 10. Qc2 a6 11. h3 Bd7 12. b3 b5 13. Bb2 Rb8 14. Rab1 Qc7 15. e4
bxc4 16. bxc4 Rb4 17. a3 Rb6 18. Ba1 Rfb8 19. Rxb6 Rxb6 20. Rb1 Ne8 21. Bf1 Qb7
22. Rxb6 Qxb6 23. Bb2 Bd4 24. Nd1 Bxb2 25. Qxb2 Qxb2 26. Nxb2  1/2-1/2

[Event "Olomouc Chess Summer 2019 - A - Proclient Cup"]
[Site "Olomouc (CZE), Hotel Flora"]
[Date "2019.08.14"]
[Round "6"]
[Board "3"]
[White "SZWED, Jacek"]
[Black "KOUSTAV, Chatterjee"]
[Result "1/2-1/2"]
[WhiteElo "2384"]
[BlackElo "2429"]
[PlyCount "171"]
[EventDate "2019.08.10"]
[EventRounds "9"]
[EventCountry "CZE"]

1. e4 Nf6 2. e5 Nd5 3. d4 d6 4. c4 Nb6 5. exd6 exd6 6. Nc3 Nc6 7. h3 Bf5 8. Nf3
Nb4 9. Qe2+ Be7 10. Ne4 d5 11. cxd5 Qxd5 12. Nc3 Qd7 13. Ne4 Qc6 14. Nc3 Nc2+
15. Qxc2 Bxc2 16. Bb5 Qxb5 17. Nxb5 Nd5 18. Nc3 Rd8 19. O-O f6 20. Re1 Kf7 21.
Bd2 c6 22. Ne4 Rhe8 23. Rac1 Bxe4 24. Rxe4 Bf8 25. Rxe8 Rxe8 26. Kf1 Nc7 27.
Re1 Rd8 28. Ba5 b6 29. Bd2 Ne6 30. Be3 Rd5 31. Rc1 Nd8 32. b3 Ke8 33. Ke2 Kd7
34. Rc4 Ne6 35. Ra4 a5 36. Rc4 g6 37. Rc1 Bg7 38. Rd1 b5 39. a4 Kc7 40. g3 f5
41. h4 h6 42. Rd2 Kb7 43. Rd1 Kc7 44. Rd2 Kb8 45. axb5 Rxb5 46. Ra2 Kb7 47. Kd2
c5 48. dxc5 Nxc5 49. Bxc5 Rxc5 50. Ke2 Kb6 51. Nd2 Kb5 52. Ra4 Bc3 53. Nc4 Bb4
54. Nd6+ Kc6 55. Nc4 Rd5 56. Ra2 Kb5 57. Rc2 Bc5 58. Ra2 Bb4 59. Rc2 Rd4 60.
Nb2 Re4+ 61. Kd3 Re8 62. Nc4 Re1 63. Ra2 Rc1 64. Na3+ Kb6 65. Nc4+ Ka6 66. Kd4
Rb1 67. Rb2 Rd1+ 68. Ke3 Kb5 69. Ke2 Rd4 70. Ra2 Rd7 71. Rc2 g5 72. hxg5 hxg5
73. Ne3 f4 74. gxf4 gxf4 75. Nc4 Rd4 76. Ra2 Bc3 77. Rc2 Kb4 78. Nxa5 Rd5 79.
Nc6+ Kxb3 80. Rc1 Rd6 81. Ne7 Re6+ 82. Kd3 Rd6+ 83. Ke4 Re6+ 84. Kd3 Bb2 85.
Rc7 f3 86. Nd5  1/2-1/2

[Event "Olomouc Chess Summer 2019 - A - Proclient Cup"]
[Site "Olomouc (CZE), Hotel Flora"]
[Date "2019.08.14"]
[Round "6"]
[Board "4"]
[White "PULPAN, Jakub"]
[Black "BARUA, Dibyendu"]
[Result "1/2-1/2"]
[WhiteElo "2397"]
[BlackElo "2379"]
[PlyCount "51"]
[EventDate "2019.08.10"]
[EventRounds "9"]
[EventCountry "CZE"]

1. e4 e6 2. d4 d5 3. Nd2 Nf6 4. e5 Nfd7 5. Bd3 c5 6. c3 Nc6 7. Ne2 cxd4 8. cxd4
f6 9. Nf4 Nxd4 10. Qh5+ Ke7 11. exf6+ Nxf6 12. Ng6+ hxg6 13. Qxh8 Kf7 14. Qh4
e5 15. Nf3 Nxf3+ 16. gxf3 Bf5 17. Bxf5 gxf5 18. Bg5 Qa5+ 19. Kf1 g6 20. Qh8
Qa6+ 21. Kg2 Re8 22. Rac1 Be7 23. Qh4 Qb6 24. Bxf6 Bxf6 25. Qa4 Re7 26. Rhd1
 1/2-1/2

[Event "Olomouc Chess Summer 2019 - A - Proclient Cup"]
[Site "Olomouc (CZE), Hotel Flora"]
[Date "2019.08.14"]
[Round "6"]
[Board "5"]
[White "CERNOUSEK, Lukas"]
[Black "EGGLESTON, David J"]
[Result "1/2-1/2"]
[WhiteElo "2451"]
[BlackElo "2403"]
[PlyCount "65"]
[EventDate "2019.08.10"]
[EventRounds "9"]
[EventCountry "CZE"]

1. e4 c5 2. Nf3 d6 3. d4 Nf6 4. Nc3 cxd4 5. Nxd4 a6 6. Be3 e5 7. Nf3 Be7 8. Bc4
O-O 9. O-O Be6 10. Bxe6 fxe6 11. Na4 Ng4 12. Qd3 b5 13. Nb6 Nxe3 14. Qxe3 Ra7
15. Nd5 Rb7 16. Qd2 Bh4 17. Ne3 Be7 18. Nd5 Bh4 19. Nxh4 Qxh4 20. Ne3 Rb6 21.
f3 Qe7 22. Rfd1 Rd8 23. a4 Nc6 24. axb5 axb5 25. c3 h6 26. b4 Kh8 27. Qf2 Qb7
28. Qa2 Qc8 29. Rd3 Kh7 30. Qd2 Ra6 31. Rxa6 Qxa6 32. h4 Qa7 33. Kh2  1/2-1/2

[Event "Olomouc Chess Summer 2019 - A - Proclient Cup"]
[Site "Olomouc (CZE), Hotel Flora"]
[Date "2019.08.15"]
[Round "7"]
[Board "1"]
[White "EGGLESTON, David J"]
[Black "ARKELL, Keith C"]
[Result "1/2-1/2"]
[WhiteElo "2403"]
[BlackElo "2445"]
[PlyCount "23"]
[EventDate "2019.08.10"]
[EventRounds "9"]
[EventCountry "CZE"]

1. e4 c6 2. d4 d5 3. e5 Na6 4. Nf3 Bf5 5. c3 Nc7 6. Bd3 Bxd3 7. Qxd3 g6 8. O-O
Qd7 9. Re1 Qf5 10. Qxf5 gxf5 11. Nbd2 e6 12. Nf1  1/2-1/2

[Event "Olomouc Chess Summer 2019 - A - Proclient Cup"]
[Site "Olomouc (CZE), Hotel Flora"]
[Date "2019.08.15"]
[Round "7"]
[Board "2"]
[White "BARUA, Dibyendu"]
[Black "CERNOUSEK, Lukas"]
[Result "0-1"]
[WhiteElo "2379"]
[BlackElo "2451"]
[PlyCount "66"]
[EventDate "2019.08.10"]
[EventRounds "9"]
[EventCountry "CZE"]

1. e4 c5 2. Nf3 d6 3. d4 Nf6 4. Nc3 cxd4 5. Nxd4 a6 6. h3 e6 7. g3 b5 8. a3 Bb7
9. Bg2 Be7 10. O-O Qc7 11. g4 Nc6 12. Re1 h6 13. Nde2 g5 14. Ng3 Ne5 15. Be3
Ng6 16. Qd4 Nd7 17. a4 Bf6 18. Qb4 bxa4 19. Nxa4 O-O 20. Nh5 Be5 21. Qd2 Nh4
22. Bxg5 hxg5 23. Qxg5+ Ng6 24. f4 Bd4+ 25. Kh1 Kh7 26. f5 Qd8 27. Qd2 Be5 28.
g5 Nh4 29. f6 Rg8 30. Ra3 Nf8 31. Ng3 Nfg6 32. Nh5 Rh8 33. Rb3 Rb8  0-1

[Event "Olomouc Chess Summer 2019 - A - Proclient Cup"]
[Site "Olomouc (CZE), Hotel Flora"]
[Date "2019.08.15"]
[Round "7"]
[Board "3"]
[White "KOUSTAV, Chatterjee"]
[Black "PULPAN, Jakub"]
[Result "0-1"]
[WhiteElo "2429"]
[BlackElo "2397"]
[PlyCount "82"]
[EventDate "2019.08.10"]
[EventRounds "9"]
[EventCountry "CZE"]

1. d4 Nf6 2. Bf4 d5 3. e3 c5 4. c3 Nc6 5. Nd2 e6 6. Ngf3 Be7 7. Ne5 Qb6 8. Rb1
Nd7 9. h4 Ncxe5 10. dxe5 Qc7 11. Nf3 c4 12. b4 cxb3 13. Qxb3 b6 14. Bb5 O-O 15.
O-O Nc5 16. Qc2 Bb7 17. Rbc1 Rac8 18. c4 dxc4 19. Bxc4 Be4 20. Qe2 Qb7 21. h5
Rfd8 22. Rcd1 h6 23. Kh2 Rxd1 24. Rxd1 a6 25. Nd4 b5 26. Bb3 Nxb3 27. axb3 Kh7
28. f3 Bd5 29. Qd3+ Kg8 30. e4 Bc6 31. g4 Rd8 32. Qc3 Be8 33. Rc1 b4 34. Qe3
Kh7 35. Qg1 Qa7 36. Be3 Bg5 37. Rd1 Bxe3 38. Qxe3 Qc5 39. Kg2 Qxe5 40. f4 Qc5
41. Kf2 e5  0-1

[Event "Olomouc Chess Summer 2019 - A - Proclient Cup"]
[Site "Olomouc (CZE), Hotel Flora"]
[Date "2019.08.15"]
[Round "7"]
[Board "4"]
[White "BIOLEK, Richard"]
[Black "SZWED, Jacek"]
[Result "1-0"]
[WhiteElo "2446"]
[BlackElo "2384"]
[PlyCount "61"]
[EventDate "2019.08.10"]
[EventRounds "9"]
[EventCountry "CZE"]

1. e4 e6 2. d4 d5 3. e5 c5 4. c3 Nc6 5. Nf3 Bd7 6. Be2 Rc8 7. O-O a6 8. a3 cxd4
9. cxd4 Na5 10. Nbd2 Bb5 11. Bxb5+ axb5 12. Nb3 Nc4 13. Ne1 Ne7 14. Nd3 h5 15.
Bg5 Qc7 16. Bxe7 Bxe7 17. Qe2 g6 18. Rfc1 Kf8 19. Rc3 Kg7 20. Rac1 Qb8 21. Nbc5
b6 22. Nd7 Qb7 23. Nf6 Na5 24. Nf4 h4 25. Qxb5 Bxf6 26. exf6+ Kxf6 27. Qe2 Kg7
28. Qe5+ Kh6 29. Rc7 Rxc7 30. Qxh8+ Kg5 31. Qe5+  1-0

[Event "Olomouc Chess Summer 2019 - A - Proclient Cup"]
[Site "Olomouc (CZE), Hotel Flora"]
[Date "2019.08.15"]
[Round "7"]
[Board "5"]
[White "NEUMAN, Petr"]
[Black "STIGAR, Petter"]
[Result "1/2-1/2"]
[WhiteElo "2392"]
[BlackElo "2207"]
[PlyCount "67"]
[EventDate "2019.08.10"]
[EventRounds "9"]
[EventCountry "CZE"]

1. f4 d5 2. Nf3 Bg4 3. e3 Nd7 4. Be2 Ngf6 5. c4 e6 6. b3 Bd6 7. Bb2 c6 8. O-O
O-O 9. Nc3 dxc4 10. bxc4 Bxf3 11. gxf3 e5 12. fxe5 Nxe5 13. Kh1 Re8 14. Qc2 Qd7
15. Rf2 Rad8 16. Rg1 Bf8 17. d4 Ng6 18. Bc1 Qh3 19. Rfg2 Qh4 20. f4 Qh3 21. Bd3
Rxe3 22. Bxe3 Qxe3 23. Bxg6 hxg6 24. f5 g5 25. Rxg5 Qf3+ 26. R5g2 Rxd4 27. Ne2
Rg4 28. Ng3 Rxg3 29. hxg3 Ne4 30. Re1 Qh5+ 31. Rh2 Qf3+ 32. Rg2 Qh5+ 33. Rh2
Qf3+ 34. Rg2  1/2-1/2

[Event "Olomouc Chess Summer 2019 - A - Proclient Cup"]
[Site "Olomouc (CZE), Hotel Flora"]
[Date "2019.08.16"]
[Round "8"]
[Board "1"]
[White "ARKELL, Keith C"]
[Black "STIGAR, Petter"]
[Result "1-0"]
[WhiteElo "2445"]
[BlackElo "2207"]
[PlyCount "69"]
[EventDate "2019.08.10"]
[EventRounds "9"]
[EventCountry "CZE"]

1. c4 Nf6 2. Nc3 e6 3. Nf3 d5 4. cxd5 exd5 5. d4 c6 6. Bg5 h6 7. Bh4 Bf5 8. e3
Nbd7 9. Ne5 Be7 10. Bd3 Bxd3 11. Nxd3 Ne4 12. Bxe7 Qxe7 13. Rc1 O-O 14. Nxe4
Qxe4 15. O-O Rfe8 16. b4 Nb6 17. Nc5 Qe7 18. a4 a6 19. Re1 Rad8 20. b5 axb5 21.
axb5 Qc7 22. g3 Ra8 23. Re2 Rec8 24. bxc6 bxc6 25. Rb2 Ra7 26. Rcb1 Nc4 27. Rb7
Rxb7 28. Rxb7 Qd6 29. Qb1 g6 30. Kg2 Rd8 31. h4 h5 32. Nd3 Ra8 33. Nf4 Nd2 34.
Qb2 Ne4 35. Rxf7  1-0

[Event "Olomouc Chess Summer 2019 - A - Proclient Cup"]
[Site "Olomouc (CZE), Hotel Flora"]
[Date "2019.08.16"]
[Round "8"]
[Board "2"]
[White "SZWED, Jacek"]
[Black "NEUMAN, Petr"]
[Result "1-0"]
[WhiteElo "2384"]
[BlackElo "2392"]
[PlyCount "34"]
[EventDate "2019.08.10"]
[EventRounds "9"]
[EventCountry "CZE"]

1. e4 c5 2. Nf3 d6 3. Nc3 Nf6 4. d4 cxd4 5. Qxd4 Nc6 6. Bb5 Bd7 7. Bxc6 Bxc6 8.
Bg5 e6 9. O-O-O Be7 10. Rhe1 Qa5 11. Kb1 O-O 12. Qd2 Qa6 13. Nd4 h6 14. Bxh6
Rfc8 15. Qg5 g6 16. Nxe6 Bd7 17. Nf4 Nd5  1-0

[Event "Olomouc Chess Summer 2019 - A - Proclient Cup"]
[Site "Olomouc (CZE), Hotel Flora"]
[Date "2019.08.16"]
[Round "8"]
[Board "3"]
[White "PULPAN, Jakub"]
[Black "BIOLEK, Richard"]
[Result "1/2-1/2"]
[WhiteElo "2397"]
[BlackElo "2446"]
[PlyCount "62"]
[EventDate "2019.08.10"]
[EventRounds "9"]
[EventCountry "CZE"]

1. e4 c5 2. Nf3 d6 3. d4 cxd4 4. Qxd4 Nc6 5. Bb5 Bd7 6. Bxc6 Bxc6 7. Nc3 Nf6 8.
Bg5 e6 9. O-O-O Be7 10. Bxf6 Bxf6 11. Qxd6 Qxd6 12. Rxd6 Bxc3 13. bxc3 Bxe4 14.
Ne5 b5 15. Rd4 Bd5 16. c4 bxc4 17. Nxc4 Ke7 18. a3 Rhd8 19. Rg1 g5 20. h4 h6
21. g3 Rac8 22. Ne3 Bf3 23. Re1 Rc5 24. Rxd8 Kxd8 25. hxg5 hxg5 26. Kb2 f5 27.
c4 f4 28. gxf4 gxf4 29. Nc2 Rxc4 30. Rxe6 Be4 31. Ne1 Bf5  1/2-1/2

[Event "Olomouc Chess Summer 2019 - A - Proclient Cup"]
[Site "Olomouc (CZE), Hotel Flora"]
[Date "2019.08.16"]
[Round "8"]
[Board "4"]
[White "CERNOUSEK, Lukas"]
[Black "KOUSTAV, Chatterjee"]
[Result "0-1"]
[WhiteElo "2451"]
[BlackElo "2429"]
[PlyCount "68"]
[EventDate "2019.08.10"]
[EventRounds "9"]
[EventCountry "CZE"]

1. d4 Nf6 2. c4 e6 3. Nc3 Bb4 4. Qc2 O-O 5. Nf3 d5 6. a3 Bxc3+ 7. Qxc3 dxc4 8.
Qxc4 b6 9. Bg5 Ba6 10. Qa4 Qd7 11. Qc2 c5 12. dxc5 Rc8 13. Bxf6 gxf6 14. Rd1
Qe7 15. Qe4 bxc5 16. e3 Bb7 17. Qh4 Nd7 18. Bb5 Nf8 19. Ne5 Rc7 20. Nd7 Rxd7
21. Qg3+ Kh8 22. Bxd7 Nxd7 23. Qc7 Bc8 24. O-O Kg7 25. Rd6 Qe8 26. Rfd1 Ne5 27.
Qxc5 Bb7 28. f4 Ng6 29. Qd4 Qb5 30. Rc1 Nh4 31. Rc5 Qe2 32. Qd2 Qg4 33. h3 Nf3+
34. Kf2 Nxd2  0-1

[Event "Olomouc Chess Summer 2019 - A - Proclient Cup"]
[Site "Olomouc (CZE), Hotel Flora"]
[Date "2019.08.16"]
[Round "8"]
[Board "5"]
[White "EGGLESTON, David J"]
[Black "BARUA, Dibyendu"]
[Result "0-1"]
[WhiteElo "2403"]
[BlackElo "2379"]
[PlyCount "134"]
[EventDate "2019.08.10"]
[EventRounds "9"]
[EventCountry "CZE"]

1. e4 e6 2. d4 d5 3. Nc3 Nf6 4. Bg5 Bb4 5. exd5 Qxd5 6. Bxf6 gxf6 7. Nge2 Nc6
8. Qd2 Qa5 9. O-O-O Ne7 10. a3 Bd6 11. g3 Bd7 12. Bg2 f5 13. f4 O-O-O 14. Kb1
Qb6 15. Ka1 h5 16. Nc1 h4 17. Qe3 Bc6 18. Bxc6 Qxc6 19. Rhe1 hxg3 20. hxg3 Rh2
21. N1e2 Nd5 22. Nxd5 Qxd5 23. Nc3 Qc4 24. Re2 Rdh8 25. Rxh2 Rxh2 26. Kb1 c6
27. Rg1 Rh3 28. Rd1 Qa6 29. d5 cxd5 30. Nxd5 Qc6 31. Nb4 Qc5 32. Qd2 Kc7 33.
Qg2 Rh8 34. Rd3 Qb5 35. Rb3 Bxb4 36. Rxb4 Qc6 37. Qe2 Qd5 38. c4 Qe4+ 39. Qxe4
fxe4 40. Rb5 f6 41. Rb3 Rh2 42. Kc1 Rf2 43. Kd1 Kc6 44. Re3 f5 45. b4 Kd6 46.
Rc3 a6 47. Ke1 Rh2 48. Kf1 e5 49. Kg1 Rd2 50. c5+ Kd5 51. fxe5 Kxe5 52. c6 bxc6
53. Rxc6 e3 54. Kf1 Ke4 55. Rc5 Ra2 56. b5 axb5 57. Rxb5 Rxa3 58. Ke1 Ra1+ 59.
Ke2 Ra2+ 60. Ke1 f4 61. Rb4+ Kd3 62. Rb3+ Kc4 63. Rb8 f3 64. Rc8+ Kb5 65. Rb8+
Kc6 66. Rc8+ Kd7 67. Rc1 Rh2  0-1

[Event "Olomouc Chess Summer 2019 - A - Proclient Cup"]
[Site "Olomouc (CZE), Hotel Flora"]
[Date "2019.08.17"]
[Round "9"]
[Board "1"]
[White "BARUA, Dibyendu"]
[Black "ARKELL, Keith C"]
[Result "1-0"]
[WhiteElo "2379"]
[BlackElo "2445"]
[PlyCount "87"]
[EventDate "2019.08.10"]
[EventRounds "9"]
[EventCountry "CZE"]

1. e4 c6 2. d4 d5 3. e5 c5 4. dxc5 Nc6 5. Nf3 Bg4 6. Bb5 Bxf3 7. Qxf3 Qa5+ 8.
Nc3 e6 9. Be3 a6 10. Bxc6+ bxc6 11. Qg4 Ne7 12. Qa4 Qc7 13. O-O Nf5 14. Bd4 Be7
15. Ne2 O-O 16. c3 Rfb8 17. Qc2 a5 18. Ng3 Nxd4 19. cxd4 Rb4 20. Ne2 Rab8 21.
b3 a4 22. Rab1 Qb7 23. f4 axb3 24. axb3 Rxb3 25. Rxb3 Qxb3 26. Qxb3 Rxb3 27.
Ra1 f6 28. Ra7 Kf8 29. Rc7 fxe5 30. fxe5 Bg5 31. g3 Be3+ 32. Kg2 Rd3 33. Rxc6
Bxd4 34. Nxd4 Rxd4 35. Rxe6 Re4 36. c6 Kf7 37. Rd6 Rxe5 38. Kf3 Re7 39. g4 Ra7
40. Kf4 Ra4+ 41. Ke5 Rxg4 42. c7 Rc4 43. Rd7+ Kg6 44. Kxd5  1-0

[Event "Olomouc Chess Summer 2019 - A - Proclient Cup"]
[Site "Olomouc (CZE), Hotel Flora"]
[Date "2019.08.17"]
[Round "9"]
[Board "2"]
[White "KOUSTAV, Chatterjee"]
[Black "EGGLESTON, David J"]
[Result "1/2-1/2"]
[WhiteElo "2429"]
[BlackElo "2403"]
[PlyCount "31"]
[EventDate "2019.08.10"]
[EventRounds "9"]
[EventCountry "CZE"]

1. Nf3 Nf6 2. c4 e6 3. Nc3 Bb4 4. Qc2 c5 5. a3 Ba5 6. d4 b6 7. Bf4 d5 8. Bxb8
Bxc3+ 9. Qxc3 Ne4 10. Qc2 Rxb8 11. e3 O-O 12. Bd3 Bb7 13. O-O Nf6 14. cxd5 Qxd5
15. dxc5 Rbc8 16. Rfd1  1/2-1/2

[Event "Olomouc Chess Summer 2019 - A - Proclient Cup"]
[Site "Olomouc (CZE), Hotel Flora"]
[Date "2019.08.17"]
[Round "9"]
[Board "4"]
[White "NEUMAN, Petr"]
[Black "PULPAN, Jakub"]
[Result "1-0"]
[WhiteElo "2392"]
[BlackElo "2397"]
[PlyCount "87"]
[EventDate "2019.08.10"]
[EventRounds "9"]
[EventCountry "CZE"]

1. d4 Nf6 2. Bg5 d5 3. e3 Nbd7 4. Nd2 b6 5. f4 Bb7 6. Ngf3 g6 7. c3 Bg7 8. Bb5
a6 9. Ba4 O-O 10. O-O Ne8 11. Bh4 Nd6 12. Ne5 Nf6 13. Nc6 Qd7 14. Na5 c6 15.
Nxb7 Qxb7 16. Bc2 Nfe4 17. Nxe4 dxe4 18. Qe2 c5 19. g4 cxd4 20. cxd4 e6 21. Bb3
Rac8 22. f5 exf5 23. Bg3 f4 24. Bxf4 Rcd8 25. Rac1 Kh8 26. Qg2 b5 27. Rc5 Ne8
28. Rfc1 Qe7 29. Kh1 Rd7 30. Qg3 Rd8 31. h4 h6 32. g5 h5 33. Rc6 a5 34. R1c5
Qd7 35. Bc2 Qe7 36. Rxb5 Ra8 37. Ba4 Ra7 38. Rbc5 Qb7 39. b3 Qb4 40. Qf2 f6 41.
Rc8 fxg5 42. hxg5 Raf7 43. a3 Qxa3 44. Rxe8  1-0

[Event "Olomouc Chess Summer 2019 - A - Proclient Cup"]
[Site "Olomouc (CZE), Hotel Flora"]
[Date "2019.08.17"]
[Round "9"]
[Board "5"]
[White "STIGAR, Petter"]
[Black "SZWED, Jacek"]
[Result "1/2-1/2"]
[WhiteElo "2207"]
[BlackElo "2384"]
[PlyCount "41"]
[EventDate "2019.08.10"]
[EventRounds "9"]
[EventCountry "CZE"]

1. Nf3 c5 2. c4 g6 3. g3 Bg7 4. Bg2 Nc6 5. Nc3 e6 6. O-O Nge7 7. e3 O-O 8. d4
d6 9. b3 cxd4 10. Nxd4 Nxd4 11. exd4 Nf5 12. Ne2 Rb8 13. a4 b6 14. Qd3 Ba6 15.
Ba3 Re8 16. Bc6 Re7 17. g4 Rc7 18. Bb5 Bxb5 19. axb5 Nh6 20. h3 Qd7 21. Nc3
 1/2-1/2

[Event "Olomouc Chess Summer 2019 - B1 - Prima Pack Cup"]
[Site "Olomouc (CZE), Hotel Flora"]
[Date "2019.08.10"]
[Round "1"]
[Board "1"]
[White "SINGH, S. Vikramjit"]
[Black "BIOLEK, Richard"]
[Result "0-1"]
[WhiteElo "2185"]
[BlackElo "2416"]
[PlyCount "66"]
[EventDate "2019.08.10"]
[EventRounds "9"]
[EventCountry "CZE"]

1. d4 d6 2. e4 Nf6 3. Nc3 g6 4. f3 Bg7 5. Be3 c6 6. Qd2 b5 7. Bh6 Bxh6 8. Qxh6
Qa5 9. Bd3 b4 10. Nd1 g5 11. Ne3 Be6 12. h4 gxh4 13. f4 b3+ 14. c3 bxa2 15. f5
Bb3 16. Nf3 Nbd7 17. Qxh4 Rb8 18. O-O Rg8 19. Nd2 Qa4 20. Qh2 c5 21. e5 cxd4
22. exf6 dxe3 23. Ne4 Bd5 24. Qxh7 Rxg2+ 25. Kxg2 Bxe4+ 26. Bxe4 Qxe4+ 27. Kg3
Rxb2 28. Qh1 Nxf6 29. Qxe4 Nxe4+ 30. Kf4 Nxc3 31. Kxe3 Rb1 32. Kf2 d5 33. Rc1
Rxc1  0-1

[Event "Olomouc Chess Summer 2019 - B1 - Prima Pack Cup"]
[Site "Olomouc (CZE), Hotel Flora"]
[Date "2019.08.10"]
[Round "1"]
[Board "2"]
[White "MALISOV, Boris"]
[Black "WILEY, Tom E"]
[Result "0-1"]
[WhiteElo "2271"]
[BlackElo "2124"]
[PlyCount "102"]
[EventDate "2019.08.10"]
[EventRounds "9"]
[EventCountry "CZE"]

1. e4 e6 2. d3 d5 3. Nd2 Nf6 4. Ngf3 b6 5. c3 c5 6. Be2 Qc7 7. O-O Nc6 8. a3
Be7 9. b4 O-O 10. Bb2 a6 11. Re1 Bb7 12. Bf1 Rad8 13. e5 Nd7 14. d4 c4 15. g3
b5 16. h4 a5 17. Bh3 axb4 18. axb4 Ra8 19. Nf1 Rxa1 20. Qxa1 Ra8 21. Qb1 Nf8
22. Bc1 Bc8 23. Ne3 Bd7 24. Bb2 Ra4 25. Nd2 Qa7 26. f4 Bxb4 27. Nf3 Ba3 28. f5
Bxb2 29. Qxb2 b4 30. fxe6 fxe6 31. Qf2 Ra1 32. Nd1 bxc3 33. Rf1 c2 34. Ne1 Qxd4
35. Ne3 Qxe3 36. Qxe3 c1=Q 37. Qf2 h6 38. Qxf8+ Kh7 39. Nc2 Qxc2 40. Rxa1 Qc3
41. Ra8 Qxg3+ 42. Bg2 Qe1+ 43. Bf1 Qxh4 44. Qd6 Qg3+ 45. Kh1 Nxe5 46. Ra2 Qh4+
47. Kg2 Qg5+ 48. Kh1 Nf3 49. Qc5 Qh4+ 50. Kg2 Qg4+ 51. Kh1 d4  0-1

[Event "Olomouc Chess Summer 2019 - B1 - Prima Pack Cup"]
[Site "Olomouc (CZE), Hotel Flora"]
[Date "2019.08.10"]
[Round "1"]
[Board "3"]
[White "VOKOUN, Jan"]
[Black "KULA, Dominik"]
[Result "0-1"]
[WhiteElo "2082"]
[BlackElo "2219"]
[PlyCount "118"]
[EventDate "2019.08.10"]
[EventRounds "9"]
[EventCountry "CZE"]

1. e4 c5 2. Be2 Nc6 3. f4 d5 4. d3 dxe4 5. dxe4 Qxd1+ 6. Bxd1 b6 7. c3 Bb7 8.
Nf3 g6 9. O-O Bg7 10. Bb3 Na5 11. Ba4+ Bc6 12. Bxc6+ Nxc6 13. Nbd2 Nf6 14. Re1
O-O 15. h3 Rfd8 16. g4 b5 17. Kf2 b4 18. e5 Nd5 19. Ne4 c4 20. Be3 f6 21. exf6
Bxf6 22. Rac1 Rab8 23. Re2 bxc3 24. bxc3 a5 25. Rcc2 a4 26. Bc1 Bg7 27. f5 gxf5
28. gxf5 Rf8 29. Nh4 e6 30. Ba3 Nce7 31. Nd6 Bf6 32. Ng2 exf5 33. Nxc4 Rfc8 34.
Nd6 Rxc3 35. Rxc3 Nxc3 36. Rc2 Rd8 37. Kf3 Be5 38. Ne3 Nb1 39. Rg2+ Kf8 40. Nb7
Rd3 41. Nc5 Nd2+ 42. Ke2 Rxa3 43. Nd7+ Ke8 44. Nxe5 Ne4 45. Kf3 Nf6 46. N5c4
Rc3 47. Kf4 Nfd5+ 48. Nxd5 Rxc4+ 49. Ke5 Re4+ 50. Kd6 Rd4 51. Ke6 Rxd5 52. Rg7
Rd7 53. Rxh7 Kd8 54. h4 f4 55. Rf7 f3 56. Rxf3 Nc6 57. Ra3 Rd4 58. Rh3 Ke8 59.
h5 Kf8  0-1

[Event "Olomouc Chess Summer 2019 - B1 - Prima Pack Cup"]
[Site "Olomouc (CZE), Hotel Flora"]
[Date "2019.08.10"]
[Round "1"]
[Board "4"]
[White "PLISCHKI, Sebastian"]
[Black "KAGANSKIY, Gleb"]
[Result "1-0"]
[WhiteElo "2391"]
[BlackElo "2289"]
[PlyCount "85"]
[EventDate "2019.08.10"]
[EventRounds "9"]
[EventCountry "CZE"]

1. c4 e6 2. Nf3 d5 3. g3 Nf6 4. Bg2 Be7 5. O-O O-O 6. d4 dxc4 7. Ne5 Nc6 8.
Bxc6 bxc6 9. Nxc6 Qe8 10. Nxe7+ Qxe7 11. Qa4 e5 12. dxe5 Qxe5 13. Qxc4 Be6 14.
Qd3 Qh5 15. f3 Rad8 16. Qe3 Bc4 17. Nc3 Rfe8 18. Qf2 Nd5 19. Re1 Nb4 20. Rb1
Qg6 21. Bf4 Nxa2 22. Nxa2 Bxa2 23. Ra1 Bc4 24. Rxa7 c6 25. e4 h6 26. Ra4 Qe6
27. Rc1 Bb5 28. Rd4 Qb3 29. Kg2 Rxd4 30. Qxd4 Ra8 31. Be5 f6 32. Qc3 Qe6 33.
Bd4 Ra4 34. Qe3 Rc4 35. Bc3 Ra4 36. Rd1 Ra8 37. g4 Qc4 38. Kg3 Qe6 39. Qf4 Re8
40. Rd6 Qf7 41. Qf5 Qc7 42. e5 fxe5 43. Rd7  1-0

[Event "Olomouc Chess Summer 2019 - B1 - Prima Pack Cup"]
[Site "Olomouc (CZE), Hotel Flora"]
[Date "2019.08.10"]
[Round "1"]
[Board "5"]
[White "CAMARENA JIMENEZ, Rufino"]
[Black "STEINER, Bruno"]
[Result "1-0"]
[WhiteElo "2317"]
[BlackElo "2169"]
[PlyCount "55"]
[EventDate "2019.08.10"]
[EventRounds "9"]
[EventCountry "CZE"]

1. d4 d5 2. c4 e6 3. Nc3 Nf6 4. Bg5 Be7 5. e3 h6 6. Bh4 O-O 7. Nf3 Ne4 8. Bxe7
Qxe7 9. Rc1 c6 10. Bd3 Nxc3 11. Rxc3 Nd7 12. Qc2 dxc4 13. Bxc4 e5 14. O-O exd4
15. Nxd4 c5 16. Nf5 Qf6 17. Ng3 b6 18. f4 Bb7 19. Rd1 Rad8 20. Nh5 Qc6 21. Bd5
Qxd5 22. Rxd5 Bxd5 23. e4 Bb7 24. Rg3 g6 25. Qc3 f6 26. Rxg6+ Kh7 27. Rg7+ Kh8
28. Qg3  1-0

[Event "Olomouc Chess Summer 2019 - B1 - Prima Pack Cup"]
[Site "Olomouc (CZE), Hotel Flora"]
[Date "2019.08.11"]
[Round "2"]
[Board "1"]
[White "BIOLEK, Richard"]
[Black "STEINER, Bruno"]
[Result "1-0"]
[WhiteElo "2416"]
[BlackElo "2169"]
[PlyCount "69"]
[EventDate "2019.08.10"]
[EventRounds "9"]
[EventCountry "CZE"]

1. c4 e6 2. Nf3 d5 3. g3 dxc4 4. Bg2 Nf6 5. Qa4+ Bd7 6. Qxc4 c5 7. Ne5 Qc8 8.
Nxd7 Qxd7 9. d3 Nc6 10. Be3 Rc8 11. O-O Nd5 12. Nc3 Nxe3 13. fxe3 Be7 14. Bh3
Nd4 15. exd4 cxd4 16. Qb3 dxc3 17. bxc3 Bf6 18. Rac1 O-O 19. Kh1 Rc5 20. Bg2 b6
21. d4 Ra5 22. e4 Rc8 23. e5 Be7 24. d5 exd5 25. Rcd1 Rcc5 26. c4 d4 27. Bd5
Rxd5 28. cxd5 Rxd5 29. Rxd4 Qb5 30. Qxb5 Rxb5 31. Re1 Kf8 32. Rd7 Ra5 33. Re2
h6 34. Rb7 h5 35. Rb8+  1-0

[Event "Olomouc Chess Summer 2019 - B1 - Prima Pack Cup"]
[Site "Olomouc (CZE), Hotel Flora"]
[Date "2019.08.11"]
[Round "2"]
[Board "2"]
[White "KAGANSKIY, Gleb"]
[Black "CAMARENA JIMENEZ, Rufino"]
[Result "1/2-1/2"]
[WhiteElo "2289"]
[BlackElo "2317"]
[PlyCount "22"]
[EventDate "2019.08.10"]
[EventRounds "9"]
[EventCountry "CZE"]

1. e4 e6 2. d4 d5 3. exd5 exd5 4. Nf3 Nc6 5. Bb5 Bd6 6. c4 Nf6 7. Nc3 O-O 8.
cxd5 Nb4 9. Bg5 Be7 10. O-O Nbxd5 11. Re1 c6  1/2-1/2

[Event "Olomouc Chess Summer 2019 - B1 - Prima Pack Cup"]
[Site "Olomouc (CZE), Hotel Flora"]
[Date "2019.08.11"]
[Round "2"]
[Board "3"]
[White "KULA, Dominik"]
[Black "PLISCHKI, Sebastian"]
[Result "0-1"]
[WhiteElo "2219"]
[BlackElo "2391"]
[PlyCount "56"]
[EventDate "2019.08.10"]
[EventRounds "9"]
[EventCountry "CZE"]

1. Nf3 d5 2. b3 Bg4 3. Ne5 Bh5 4. Bb2 f6 5. Nf3 e5 6. d3 Bd6 7. Nbd2 Ne7 8. h3
c5 9. e4 Nbc6 10. g4 Bf7 11. Bg2 Ng6 12. exd5 Bxd5 13. Ne4 Nf4 14. Rg1 Bxe4 15.
dxe4 c4 16. Bf1 cxb3 17. axb3 Bc5 18. Qxd8+ Rxd8 19. c3 Ke7 20. g5 Nb4 21. Nd4
Nbd3+ 22. Bxd3 Nxd3+ 23. Ke2 Nxb2 24. Nf5+ Kf7 25. gxf6 g6 26. Nh6+ Kxf6 27.
Rg3 Ke6 28. Rb1 Rhf8  0-1